Sports Quiz

Random Sports or Cricket Quiz

25 Wickets in an Ashes Series Quiz Stats

Quiz not verified by Sporcle

Also try: NFL Teams by Owner
Challenge
Share
Tweet
Embed
Score 0/61 Timer 12:00
0 Plays Today
Wickets Player % Correct
40Shane Warne
99.1%
34Shane Warne
99.1%
31Shane Warne
99.1%
27Shane Warne
99.1%
36Glenn McGrath
96.9%
32Glenn McGrath
96.9%
34Ian Botham
92.3%
31Ian Botham
92.3%
39Dennis Lillee
90.4%
31Dennis Lillee
90.4%
25Dennis Lillee
90.4%
29Bob Willis
85.7%
27Bob Willis
85.7%
46Jim Laker
84.1%
33Jeff Thomson
79.7%
42Terry Alderman
76.6%
41Terry Alderman
76.6%
41Rodney Hogg
75.3%
32Craig McDermott
74.1%
30Craig McDermott
74.1%
31Richie Benaud
71.8%
33Harold Larwood
64%
31Merv Hughes
64%
27Stuart MacGill
63%
31John Snow
60.9%
34Sydney Barnes
59.7%
39Alec Bedser
58.9%
30Alec Bedser
58.9%
27Ray Lindwall
56%
26Ray Lindwall
56%
34Geoff Lawson
50.9%
Wickets Player % Correct
29Geoff Lawson
50.9%
26Stuart Clark
48.5%
29Clarrie Grimmett
45.7%
28Frank Tyson
45.7%
25Clarrie Grimmett
45.7%
26Ernie Jones
44.7%
28Bill O'Reilly
43.3%
27Bill O'Reilly
43.3%
25Bill O'Reilly
43.3%
27Bruce Reid
38.1%
26Bill Voce
35%
29Garth McKenzie
32.8%
31Wilfred Rhodes
30.9%
38Maurice Tate
28%
27Bill Johnston
25.6%
28Hugh Trumble
22.5%
26Hugh Trumble
22.5%
32Monty Noble
20.5%
32Frank Foster
18.1%
32Tom Richardson
17.9%
27Bobby Peel
17.4%
36Arthur Mailey
17.1%
34George Giffen
15%
27Ted McDonald
11.6%
25Jack White
10.6%
25Alan Hurst
9.4%
32Ranji Hordern
7%
31Jack Saunders
6%
25Arthur Fielder
2.7%
30Jack Crawford
2.4%

You're not logged in!

Compare scores with friends on all Sporcle quizzes.
Join for Free
OR
Log In

You Might Also Like...

Show Comments

Extras

Top Quizzes Today


Score Distribution

Your Account Isn't Verified!

In order to create a playlist on Sporcle, you need to verify the email address you used during registration. Go to your Sporcle Settings to finish the process.

Report this User

Report this user for behavior that violates our Community Guidelines.

Details: